| 000 | 00510nam a2200169 a 4500 | ||
|---|---|---|---|
| 001 | 000023513 | ||
| 005 | 20200930022255.0 | ||
| 008 | 101210s1988 cu r 000 0 spa d | ||
| 040 |
_aDO-SdBNP _bspa _cBNPHU |
||
| 082 |
_axxxxxx _bV844c |
||
| 100 | 1 |
_aVitier, Cintio _97347 |
|
| 245 | 1 | 0 |
_aCrítica cubana / _cCintio Vitier ; edición Consuelo Amparo Casanova. |
| 260 |
_aLa Habana : _bLetras Cubanas, _c1988. |
||
| 300 |
_a570 p. ; _c18 cm. |
||
| 700 | 1 |
_aCasanova, Consuelo Amparo, _eed. _948462 |
|
| 049 | _aBNGR | ||
| 999 |
_c23009 _d23009 |
||